[Event "Titled Tue 27th May Late"]
[Site "chess.com INT"]
[Date "2025.05.27"]
[Round "8"]
[White "Hamitevici, Vladimir"]
[Black "Kilic, Eray"]
[Result "0-1"]
[WhiteTitle "GM"]
[BlackTitle "IM"]
[WhiteElo "2423"]
[BlackElo "2469"]
[WhiteFideId "13902393"]
[BlackFideId "44517173"]
[EventDate "2025.05.27"]

1. a3 e5 2. c4 g6 3. d4 exd4 4. Qxd4 Nf6 5. Qe5+ Be7 6. Bh6 Nc6 7. Qc3 Bf8 8.
Bxf8 Kxf8 9. Nd2 Kg7 10. g4 h6 11. f4 Kh7 12. h3 d5 13. Bg2 d4 14. Qd3 Re8 15.
O-O-O Qd6 16. Bxc6 Re3 17. Qc2 bxc6 18. f5 g5 19. c5 Qd5 20. Ndf3 Ba6 21. Rxd4
Qa2 22. Qb1 Qxb1+ 23. Kxb1 Rb8 24. Ra4 Bxe2 25. Nxe2 Rxe2 26. b4 Nd5 27. Rxa7
Nc3+ 28. Kc1 Ra2 29. Rh2 Rxh2 30. Nxh2 Nb5 31. Ra6 Nd4 32. Kd2 Rd8 33. Kc3 Ne2+
34. Kc2 Nd4+ 35. Kb2 h5 36. Nf1 hxg4 37. hxg4 Re8 38. Nd2 Re3 39. Ra7 Re2 40.
Kc1 Nb5 41. Ra6 Nd4 42. Ra7 Rg2 43. Rxc7 Kg7 44. a4 Rxg4 45. a5 Nb5 46. Rxc6
Rg1+ 47. Kb2 Rg2 48. Kc1 Rg1+ 49. Kb2 g4 50. Rb6 Nc7 51. Rb7 Rg2 52. Rxc7 Rxd2+
53. Kb3 g3 54. a6 g2 55. a7 g1=Q 56. a8=Q Qb1+ 57. Kc4 Qd3# 0-1

[Event "Titled Tue 27th May Late"]
[Site "chess.com INT"]
[Date "2025.05.27"]
[Round "8"]
[White "Barrientos, Ernesto"]
[Black "Toncheva, Nadya"]
[Result "0-1"]
[WhiteTitle "CM"]
[BlackTitle "FM"]
[WhiteElo "2027"]
[BlackElo "2332"]
[WhiteFideId "3701247"]
[BlackFideId "2924056"]
[EventDate "2025.05.27"]

1. e4 c5 2. Nf3 Nc6 3. d4 cxd4 4. Nxd4 g6 5. Nc3 Bg7 6. Be3 Nf6 7. Bc4 O-O 8.
Bb3 d5 9. exd5 Na5 10. Nde2 a6 11. Qd2 b5 12. a3 Nxb3 13. cxb3 Bb7 14. Rd1 Qd7
15. O-O Rfd8 16. Nf4 Qf5 17. Qd3 e5 18. Qxf5 gxf5 19. Nd3 Nxd5 20. Bg5 f6 21.
Bh4 Kf7 22. Nc5 Bc6 23. b4 Bf8 24. Rd3 Nxc3 25. Rxc3 Bd5 26. Rd1 Bc4 27. Rcc1 a5
28. Rxd8 Rxd8 29. Nb7 Rd4 30. bxa5 Rxh4 0-1

[Event "Titled Tue 27th May Late"]
[Site "chess.com INT"]
[Date "2025.05.27"]
[Round "8"]
[White "Romero Ruscalleda, Josep"]
[Black "Holinka, Henning"]
[Result "0-1"]
[WhiteTitle "FM"]
[BlackTitle "FM"]
[WhiteElo "2110"]
[BlackElo "2303"]
[WhiteFideId "2231859"]
[BlackFideId "12967084"]
[EventDate "2025.05.27"]

1. e4 e5 2. Nf3 d5 3. Nxe5 Nf6 4. d4 Bd6 5. exd5 O-O 6. Bd3 Re8 7. O-O Bxe5 8.
dxe5 Rxe5 9. Bf4 Rxd5 10. Qe2 Bg4 11. f3 Bf5 12. Bc4 Rc5 13. Be3 Re5 14. Qf2 Nc6
15. Nc3 Qe7 16. Bf4 Rc5 17. Rfe1 Qf8 18. Bb3 Na5 19. Rad1 Nxb3 20. axb3 Rc6 21.
Rd2 Re8 22. Red1 h6 23. Nb5 a6 24. Nd4 Rc5 25. Nxf5 Rxf5 26. Bxc7 Ne4 27. Qg3
Nxg3 28. Bxg3 Qc5+ 29. Bf2 Qc6 30. Rd8 Kh7 31. R8d6 Qxc2 32. h3 Qxb3 33. R1d2
Rb5 34. Rd7 Qe6 35. Kh2 Qe5+ 36. Bg3 Qf6 37. R2d6 Re6 38. Rd2 Rxb2 39. Rxb2 Qxb2
40. Rxf7 Re2 41. Be5 Qxe5+ 0-1

[Event "Titled Tue 27th May Late"]
[Site "chess.com INT"]
[Date "2025.05.27"]
[Round "8"]
[White "Hercegovac, Neven"]
[Black "Fernandes, Rogerio Paulo Muller"]
[Result "1-0"]
[WhiteTitle "FM"]
[WhiteElo "2211"]
[BlackElo "2241"]
[WhiteFideId "2839135"]
[BlackFideId "2101599"]
[EventDate "2025.05.27"]

1. d4 Nf6 2. c4 c5 3. Nf3 cxd4 4. Nxd4 Nc6 5. g3 g6 6. Bg2 Bg7 7. O-O O-O 8. Nc3
Qb6 9. Nc2 d6 10. b3 Bf5 11. Bb2 Rac8 12. Rb1 Nb4 13. Nxb4 Qxb4 14. e4 Bg4 15.
Qd3 Rfd8 16. Nd5 Nxd5 17. Bxg7 Kxg7 18. exd5 Bf5 19. Qd4+ Kg8 20. Rbe1 Re8 21.
Re3 Qc5 22. Qh4 b5 23. Rxe7 Rxe7 24. Qxe7 bxc4 25. bxc4 Bd3 26. Rc1 Qa3 27. Rd1
Bxc4 28. Bh3 Rf8 29. Bd7 Bxa2 30. h4 h5 31. g4 hxg4 32. h5 Qb3 33. Bxg4 Qb4 34.
Qg5 1-0

[Event "Titled Tue 27th May Late"]
[Site "chess.com INT"]
[Date "2025.05.27"]
[Round "8"]
[White "Chocenka, Dmitrijus"]
[Black "Pakleza, Zbigniew"]
[Result "0-1"]
[WhiteTitle "FM"]
[BlackTitle "GM"]
[WhiteElo "2304"]
[BlackElo "2484"]
[WhiteFideId "12802336"]
[BlackFideId "1119290"]
[EventDate "2025.05.27"]

1. e4 d6 2. d4 g6 3. Nf3 c6 4. c4 e6 5. Nc3 f6 6. d5 cxd5 7. cxd5 e5 8. Bb5+ Nd7
9. O-O a6 10. Ba4 b5 11. Bc2 Ne7 12. b4 Bg7 13. a4 bxa4 14. Bxa4 O-O 15. Bc6 Rb8
16. b5 axb5 17. Bxb5 h6 18. Ba3 Qc7 19. Qd2 Nc5 20. Rfb1 f5 21. Bd3 Bd7 22. Rxb8
Rxb8 23. Rb1 Ra8 24. Bb4 fxe4 25. Nxe4 Nxe4 26. Bxe4 Bf5 27. Qd3 Rb8 28. Nd2 Qd7
29. f3 h5 30. h3 h4 31. Qc3 Bh6 32. Nf1 Kh7 33. Qc4 Rc8 34. Qe2 Qa7+ 35. Kh1 Rb8
36. Bxf5 Nxf5 37. Nd2 Ng3+ 0-1

[Event "Titled Tue 27th May Late"]
[Site "chess.com INT"]
[Date "2025.05.27"]
[Round "8"]
[White "Tikhonov, Viacheslav"]
[Black "May Sanchez, Andres Elias"]
[Result "1-0"]
[WhiteTitle "CM"]
[BlackTitle "CM"]
[WhiteElo "2183"]
[BlackElo "2209"]
[WhiteFideId "44196407"]
[BlackFideId "5150973"]
[EventDate "2025.05.27"]

1. e4 e5 2. Nf3 Nc6 3. Bc4 Nf6 4. d4 exd4 5. Ng5 Ne5 6. Qxd4 Nxc4 7. Qxc4 d5 8.
exd5 Qxd5 9. Qxd5 Nxd5 10. O-O h6 11. Nf3 Bc5 12. Re1+ Be6 13. a3 O-O-O 14. b4
Be7 15. Bb2 Bf6 16. Ne5 Nb6 17. f4 Na4 18. Bc1 a6 19. Nd2 Nc3 20. Bb2 Rxd2 21.
Bxc3 Rxc2 22. Rac1 Rxc1 23. Rxc1 Rd8 24. Kf2 c6 25. a4 Kc7 26. b5 axb5 27. axb5
Kb6 28. bxc6 bxc6 29. Rb1+ Kc5 30. Bb4+ 1-0

[Event "Titled Tue 27th May Late"]
[Site "chess.com INT"]
[Date "2025.05.27"]
[Round "8"]
[White "Sydoryka, Vladyslav"]
[Black "Khlebovich, Alexander"]
[Result "0-1"]
[WhiteTitle "FM"]
[BlackTitle "IM"]
[WhiteElo "2224"]
[BlackElo "2423"]
[WhiteFideId "14145928"]
[BlackFideId "4169123"]
[EventDate "2025.05.27"]

1. c4 c5 2. g3 Nc6 3. Bg2 g6 4. Nc3 Bg7 5. Nf3 Nf6 6. d4 cxd4 7. Nxd4 O-O 8. O-O
Ng4 9. e3 d6 10. b3 Nxd4 11. exd4 Nh6 12. Bb2 Nf5 13. Ne2 Rb8 14. a4 b6 15. Qd2
e6 16. d5 e5 17. h3 Re8 18. Kh2 Bd7 19. Bc3 h5 20. a5 b5 21. Rab1 bxc4 22. bxc4
Qc7 23. Qd3 Rec8 24. Rxb8 Qxb8 25. Rc1 Qb3 26. a6 Qxc4 27. Qxc4 Rxc4 28. Rb1 Bc8
29. Rb8 Kh7 30. Ra8 Bxa6 31. Rxa7 Ra4 32. Nc1 Kg8 33. Bf1 Bb5 34. Rxa4 Bxa4 35.
Bb4 Bf8 36. Bd3 Nd4 37. Kg2 f5 38. Na2 Bb3 39. Nc3 e4 40. Ba6 Nc2 41. Ba5 Bg7
42. Bb7 Kf7 43. Nb5 Be5 44. Bd8 Nb4 45. Bc7 Ke7 46. Bb6 Bxd5 47. Bc8 Be6 48. Bb7
Bd5 49. Bc8 e3+ 50. Kf1 Bc4+ 51. Ke1 exf2+ 52. Kxf2 Bxb5 53. g4 hxg4 54. hxg4
Bd7 55. Bxd7 Kxd7 56. gxf5 gxf5 57. Kf3 Ke6 58. Bf2 Nc6 59. Bb6 Bd4 60. Bc7 Ne5+
61. Kf4 Ng6+ 62. Kg5 Ne7 63. Bd8 Be3+ 64. Kh4 Nd5 65. Kg3 Bh6 66. Kf3 Nf6 67.
Bb6 d5 68. Ba7 Nd7 69. Be3 Bxe3 0-1

[Event "Titled Tue 27th May Late"]
[Site "chess.com INT"]
[Date "2025.05.27"]
[Round "8"]
[White "Albertini, Luca"]
[Black "Zuferi, Enis"]
[Result "1/2-1/2"]
[BlackTitle "FM"]
[WhiteElo "2139"]
[BlackElo "2351"]
[WhiteFideId "847038"]
[BlackFideId "24692530"]
[EventDate "2025.05.27"]

1. d4 Nf6 2. c4 g6 3. Nc3 d5 4. cxd5 Nxd5 5. Na4 e5 6. e4 Nb6 7. d5 c6 8. Nxb6
axb6 9. Bc4 b5 10. Bb3 c5 11. Nf3 c4 12. Bc2 Bb4+ 13. Bd2 Bd6 14. b3 O-O 15. Qe2
Na6 16. bxc4 Nb4 17. Bb3 bxc4 18. Qxc4 b5 19. Qe2 Bd7 20. O-O Qe7 21. Rfc1 Kg7
22. Qe3 Rfc8 23. Qh6+ Kg8 24. h4 f6 25. h5 g5 26. Rxc8+ Rxc8 27. a3 Nd3 28. a4
Qf7 29. Nxg5 fxg5 30. Qxd6 Qxf2+ 31. Kh1 Qxd2 32. Qxd7 Rc1+ 33. Rxc1 Qxc1+ 34.
Kh2 Qf4+ 35. Kg1 Qf2+ 36. Kh1 Qh4+ 37. Kg1 Qe1+ 38. Kh2 Qh4+ 39. Kg1 Qf2+ 40.
Kh1 Qe1+ 41. Kh2 Qh4+ 42. Kg1 1/2-1/2

[Event "Titled Tue 27th May Late"]
[Site "chess.com INT"]
[Date "2025.05.27"]
[Round "8"]
[White "Wu, Derek"]
[Black "Adewumi, Tanitoluwa"]
[Result "0-1"]
[WhiteTitle "FM"]
[BlackTitle "FM"]
[WhiteElo "2232"]
[BlackElo "2376"]
[WhiteFideId "30914558"]
[BlackFideId "30966396"]
[EventDate "2025.05.27"]

1. e4 c5 2. Nf3 Nc6 3. d4 cxd4 4. Nxd4 Nf6 5. Nc3 e6 6. Nf3 d6 7. Bc4 Be7 8. Qe2
a6 9. a3 b5 10. Ba2 Bb7 11. O-O O-O 12. Bf4 Qb6 13. Rad1 Rfd8 14. h3 Rac8 15.
Rd2 b4 16. axb4 Nxb4 17. Bb3 a5 18. Rfd1 Na6 19. e5 dxe5 20. Rxd8+ Rxd8 21.
Rxd8+ Qxd8 22. Nxe5 Nc5 23. Bc4 Qd4 24. Qe3 Qd8 25. Qd2 Qb6 26. b3 h6 27. Be3
Qc7 28. Qd4 Ncd7 29. Nxd7 Nxd7 30. Nb5 Qc6 31. Bf1 Bc5 32. Qd2 Bxe3 33. fxe3 Ne5
34. Nd4 Qc5 35. c4 g6 36. Qf2 Kg7 37. Qf4 g5 38. Qf2 Ng6 39. Qb2 Qe5 40. Qd2 Nh4
41. Nc2 Qg3 0-1

[Event "Titled Tue 27th May Late"]
[Site "chess.com INT"]
[Date "2025.05.27"]
[Round "8"]
[White "Noroozi, Omid"]
[Black "Smieszek, Wojciech"]
[Result "1/2-1/2"]
[WhiteTitle "IM"]
[BlackTitle "CM"]
[WhiteElo "2266"]
[BlackElo "2141"]
[WhiteFideId "12501190"]
[BlackFideId "1156047"]
[EventDate "2025.05.27"]

1. c4 Nf6 2. Nc3 c5 3. Nf3 Nc6 4. g3 g6 5. Bg2 Bg7 6. O-O O-O 7. e3 d5 8. cxd5
Nxd5 9. d4 cxd4 10. exd4 Nxc3 11. bxc3 Be6 12. Re1 Bd5 13. Ba3 Qa5 14. Bxe7 Nxe7
15. Rxe7 Qxc3 16. Rc1 Bxf3 17. Bxf3 Qxd4 18. Qxd4 Bxd4 19. Rxb7 Rac8 20. Rxc8
Rxc8 21. Bd5 Rf8 22. Kg2 h5 23. f4 Kg7 24. Kf3 Bf6 25. Rxa7 g5 26. a4 g4+ 27.
Ke4 Kg6 28. f5+ Kg7 29. Kf4 Bd4 30. Rb7 Bg1 31. Kg5 Bxh2 32. f6+ Kg8 33. Kxh5
Bxg3 34. Kxg4 Be1 35. Kf5 Bd2 36. Rd7 Be1 37. Ra7 Bf2 38. Re7 Bc5 39. Re4 Rd8
40. Rg4+ Kf8 41. Bc6 Rd6 42. Rh4 Rxf6+ 43. Kxf6 Be7+ 44. Kf5 Bxh4 45. a5 Bf2 46.
a6 Ke7 47. Bd5 Kd6 48. Bb7 Kc7 49. Kf6 Kb8 50. Kxf7 Ka7 51. Ke6 Bb6 52. Kd7 Bg1
53. Kc6 Bb6 54. Bc8 Bg1 55. Bb7 Bb6 56. Bc8 Bg1 57. Bb7 1/2-1/2

[Event "Titled Tue 27th May Late"]
[Site "chess.com INT"]
[Date "2025.05.27"]
[Round "8"]
[White "Bluebaum, Matthias"]
[Black "Akobian, Varuzhan"]
[Result "1/2-1/2"]
[WhiteTitle "GM"]
[BlackTitle "GM"]
[WhiteElo "2660"]
[BlackElo "2564"]
[WhiteFideId "24651516"]
[BlackFideId "13300580"]
[EventDate "2025.05.27"]

1. d4 e6 2. c4 f5 3. Nf3 Nf6 4. g3 d5 5. Nc3 c6 6. Bf4 Bd6 7. e3 O-O 8. Bd3 Qe7
9. c5 Bxf4 10. exf4 Bd7 11. O-O Be8 12. Ne5 Nbd7 13. Nxd7 Qxd7 14. f3 b6 15. b4
a5 16. a3 b5 17. bxa5 Rxa5 18. Qb3 Qa7 19. a4 Bd7 20. Ra2 bxa4 21. Rxa4 Rxa4 22.
Nxa4 Qa5 23. Nb6 Qd2 24. Rf2 Qe1+ 25. Kg2 Rb8 26. Qb2 Be8 27. Re2 Qd1 28. Qb1
Qxb1 29. Bxb1 Nd7 30. Rxe6 Nxb6 31. cxb6 Bd7 32. Re7 Rxb6 33. Bd3 Rb7 34. Kf2
Kf8 35. Re2 Rb3 36. Ke3 Ke7 37. Ra2 Kd6 38. Kd2 g6 39. Kc2 Rb6 40. Kc3 c5 41.
dxc5+ Kxc5 42. Ra5+ Kd6 43. Ra7 h5 44. h4 Be8 45. Kd4 Rb4+ 46. Kc3 Rb6 47. Kd4
Rb4+ 48. Kc3 Rb6 1/2-1/2

[Event "Titled Tue 27th May Late"]
[Site "chess.com INT"]
[Date "2025.05.27"]
[Round "8"]
[White "Plat, Vojtech"]
[Black "Zhu, Jiner"]
[Result "1/2-1/2"]
[WhiteTitle "GM"]
[BlackTitle "GM"]
[WhiteElo "2482"]
[BlackElo "2541"]
[WhiteFideId "325740"]
[BlackFideId "8608059"]
[EventDate "2025.05.27"]

1. e4 e5 2. Nf3 Nc6 3. Bb5 a6 4. Ba4 d6 5. O-O Bd7 6. c3 g6 7. d4 Bg7 8. Bg5 f6
9. Be3 Nh6 10. Bb3 Na5 11. Bc2 O-O 12. h3 Nf7 13. Re1 b5 14. Nbd2 Qe7 15. a4 c5
16. axb5 axb5 17. dxc5 dxc5 18. Rxa5 Rxa5 19. Nb3 Raa8 20. Bxc5 Qe8 21. Qe2 Bc6
22. Bd3 Nd8 23. Bxf8 Bxf8 24. Rd1 Ne6 25. Qe3 Kg7 26. Bf1 h5 27. Qb6 Rb8 28.
Qa7+ Rb7 29. Qe3 Rd7 30. Rxd7+ Qxd7 31. Qd3 Qxd3 32. Bxd3 Nf4 33. Bc2 b4 34.
cxb4 Bxb4 35. Nc1 Kf7 36. Nd3 Nxd3 37. Bxd3 Ba4 38. Kf1 Bd1 39. Ne1 h4 40. Bc4+
Ke7 41. Nd3 Bd6 42. f3 Bc2 43. Ne1 Bd1 44. b3 g5 45. Nd3 Bc2 46. Nf2 f5 47. exf5
Bxf5 48. Ke2 Bb4 49. Bd3 Be6 50. Ne4 Bxb3 51. Nxg5 Bd5 52. Bb5 Kf6 53. Nh7+ Kg7
54. Ng5 Kf6 55. Ne4+ Bxe4 56. fxe4 Kg5 57. Kf3 Be1 58. Bd3 Bg3 59. Bb5 Kf6 60.
Bd3 Ke7 61. Kg4 Kd6 62. Kf5 Kc5 63. Be2 Kd4 64. Bf3 Ke3 65. Kg4 Kf2 66. Kf5 Ke3
67. Kg4 Kf2 68. Kf5 Ke3 1/2-1/2

[Event "Titled Tue 27th May Late"]
[Site "chess.com INT"]
[Date "2025.05.27"]
[Round "8"]
[White "Klukin, Kirill"]
[Black "Deichmann, Esteban Horacio"]
[Result "1-0"]
[WhiteTitle "IM"]
[WhiteElo "2407"]
[BlackElo "2085"]
[WhiteFideId "24199273"]
[BlackFideId "167410"]
[EventDate "2025.05.27"]

1. e4 e6 2. d3 d5 3. Nd2 Nf6 4. Ngf3 c5 5. g3 Nc6 6. Bg2 Be7 7. O-O O-O 8. Re1
b5 9. e5 Nd7 10. Nf1 Rb8 11. h4 f6 12. exf6 Nxf6 13. Bf4 Rb6 14. Bh3 e5 15. Bxc8
exf4 16. Be6+ Kh8 17. Ng5 fxg3 18. Nxg3 Nd4 19. Nf7+ Rxf7 20. Bxf7 Qf8 21. Bh5
Nxh5 22. Qxh5 Nf3+ 23. Kg2 Nxe1+ 24. Rxe1 d4 25. Re4 Rf6 26. Qe2 Rf7 27. h5 h6
28. Re6 Kh7 29. Qe4+ Kh8 30. f3 Rf4 31. Qc6 Qf7 32. Qd7 Bf8 33. Qxf7 Rxf7 34.
Re5 Bd6 35. Rd5 Bxg3 36. Kxg3 Rc7 37. Kf4 Kg8 38. Ke5 Rc6 39. f4 Kf7 40. Rd7+
Kf8 41. Rxa7 g5 42. hxg6 Rxg6 43. Rc7 Rg2 44. Rxc5 h5 45. Kxd4 h4 46. Kc3 h3 47.
Rxb5 Kg7 48. Rh5 h2 49. a4 Kg6 50. Rh4 Kf5 51. a5 Ke6 52. a6 Kd5 53. a7 Rg8 54.
Rxh2 Kc6 55. Rh7 Kb6 56. b4 Ka6 57. Kb3 Kb6 58. c4 Ka6 59. b5+ Kb6 60. Kb4 Rc8
61. c5+ Rxc5 62. Rh6+ 1-0

[Event "Titled Tue 27th May Late"]
[Site "chess.com INT"]
[Date "2025.05.27"]
[Round "8"]
[White "Tahbaz, Arash"]
[Black "Barria Zuniga, Daniel"]
[Result "1-0"]
[WhiteTitle "IM"]
[BlackTitle "IM"]
[WhiteElo "2462"]
[BlackElo "2341"]
[WhiteFideId "12528846"]
[BlackFideId "3400816"]
[EventDate "2025.05.27"]

1. Nf3 g6 2. e4 Bg7 3. d4 c5 4. dxc5 Qa5+ 5. c3 Qxc5 6. Be3 Qa5 7. Na3 Nf6 8.
Bd3 Nc6 9. h3 O-O 10. O-O d5 11. exd5 Nxd5 12. Bd2 Rd8 13. Qb3 Nb6 14. Nc4 Nxc4
15. Bxc4 Qc7 16. Bxf7+ Kh8 17. Bg5 Bf5 18. Rfe1 Bf6 19. Be6 Bxe6 20. Qxe6 Rd6
21. Qe4 Rad8 22. Bf4 e5 23. Nxe5 Nxe5 24. Bxe5 Bxe5 25. Qxe5+ Kg8 26. Rad1 Rxd1
27. Qxc7 Rxe1+ 28. Kh2 Rde8 29. Qxb7 R1e7 30. Qd5+ Kg7 31. Qd4+ Kg8 32. c4 h6
33. c5 Kh7 34. b4 Rf8 35. b5 Ref7 36. f3 h5 37. c6 Re8 38. Qc5 Re2 39. c7 1-0

[Event "Titled Tue 27th May Late"]
[Site "chess.com INT"]
[Date "2025.05.27"]
[Round "8"]
[White "Maglioni, Leonardo"]
[Black "Hernandez Leon, Sergio"]
[Result "1-0"]
[BlackTitle "CM"]
[WhiteElo "2069"]
[BlackElo "2106"]
[WhiteFideId "2896830"]
[BlackFideId "2285622"]
[EventDate "2025.05.27"]

1. d4 f5 2. e4 fxe4 3. Nc3 Nf6 4. Bg5 g6 5. Bxf6 exf6 6. Nxe4 d5 7. Nd2 Bg7 8.
Bd3 O-O 9. Ne2 c5 10. dxc5 Nd7 11. Nb3 Qc7 12. O-O Nxc5 13. Nxc5 Qxc5 14. c3 Re8
15. Qb3 Be6 16. Nd4 Bf7 17. Rfe1 b6 18. Qb5 f5 19. Nf3 h6 20. Kf1 a6 21. Qa4 b5
22. Qc2 Rac8 23. Rxe8+ Bxe8 24. Qe2 Bf7 25. Re1 Re8 26. Qd2 Rxe1+ 27. Qxe1 a5
28. Qe3 Qxe3 29. fxe3 b4 30. cxb4 axb4 31. Nd4 Kf8 32. Ke2 Ke7 33. Kd2 Kd6 34.
Kc2 Kc5 35. Nb3+ Kb6 36. Nd4 Be5 37. h3 Bg3 38. Be2 Be8 39. Kb3 Kc5 40. Ne6+ Kd6
41. Nd4 Bf2 42. Nc2 Ke5 43. Kxb4 Ke4 44. Kc5 Bxe3+ 45. Nxe3 Kxe3 46. Bf3 d4 47.
b4 d3 48. b5 g5 49. b6 1-0

[Event "Titled Tue 27th May Late"]
[Site "chess.com INT"]
[Date "2025.05.27"]
[Round "8"]
[White "Pyrih, Roman"]
[Black "Vlassov, Nikolai"]
[Result "1/2-1/2"]
[WhiteTitle "FM"]
[BlackTitle "IM"]
[WhiteElo "2429"]
[BlackElo "2291"]
[WhiteFideId "14179156"]
[BlackFideId "4103360"]
[EventDate "2025.05.27"]

1. a3 e5 2. b4 d5 3. Bb2 Bd6 4. e3 Qe7 5. c4 c6 6. Nf3 Nf6 7. Be2 Bg4 8. h3 Bh5
9. cxd5 cxd5 10. d3 Nbd7 11. Nbd2 O-O 12. e4 Bg6 13. Nh4 Rac8 14. O-O Rc7 15.
Nxg6 hxg6 16. exd5 Nxd5 17. Nc4 Nf4 18. Bf3 Rfc8 19. Re1 b5 20. Nxd6 Qxd6 21. d4
Rc2 22. dxe5 Qd3 23. Bd4 Rd2 24. Qxd2 Qxd2 25. Be3 Nxh3+ 26. gxh3 Qb2 27. Bg4
Rc7 28. Bf4 Rc4 29. Bg3 Nf8 30. a4 Qxb4 31. axb5 Qxb5 32. Rxa7 Ne6 33. Raa1 Qc5
34. Reb1 Kh7 35. Kh2 Ng5 36. Ra8 Rc2 37. Rbb8 Rxf2+ 38. Bxf2 Qxf2+ 39. Kh1 Qf1+
40. Kh2 Qf2+ 41. Kh1 Qf1+ 42. Kh2 1/2-1/2

[Event "Titled Tue 27th May Late"]
[Site "chess.com INT"]
[Date "2025.05.27"]
[Round "8"]
[White "Bendayan Claros, Aaron"]
[Black "Piesik, Piotr"]
[Result "0-1"]
[WhiteTitle "CM"]
[BlackTitle "IM"]
[WhiteElo "2224"]
[BlackElo "2436"]
[WhiteFideId "3803392"]
[BlackFideId "1136194"]
[EventDate "2025.05.27"]

1. d4 d5 2. Nf3 Nf6 3. e3 Bf5 4. c4 e6 5. Qb3 Qc8 6. Nc3 c6 7. Bd2 Nbd7 8. cxd5
exd5 9. Be2 Bd6 10. Rc1 Qb8 11. Na4 Ne4 12. Bb4 O-O 13. Bxd6 Nxd6 14. O-O Re8
15. Nc5 Nxc5 16. Rxc5 Ne4 17. Rcc1 Bg4 18. h3 Bxf3 19. Bxf3 Nd2 20. Qb4 Nxf1 21.
Rxf1 Qc7 22. Rc1 Qb6 23. Qc3 a5 24. g3 Qb4 25. Qd3 Re7 26. Rc2 g6 27. Kg2 Kg7
28. h4 h5 29. a3 Qb6 30. b3 Qd8 31. Rc5 Qd6 32. Qc3 Qd8 33. a4 Kg8 34. Qd2 Re6
35. Qc3 Kh7 36. Qc2 Kg7 37. Qc3 Rf6 38. Qc2 Qd7 39. Be2 Qf5 40. Bd3 Qf3+ 41. Kg1
Re8 42. Qe2 Qxe2 43. Bxe2 b6 44. Rc3 Rd6 45. Bf3 f5 46. Kg2 Kf6 47. Rd3 Rc8 48.
Rd1 Ke6 49. Rd2 c5 0-1

[Event "Titled Tue 27th May Late"]
[Site "chess.com INT"]
[Date "2025.05.27"]
[Round "8"]
[White "Sroczynski, Maciej"]
[Black "Krotov, Damian"]
[Result "0-1"]
[WhiteTitle "FM"]
[WhiteElo "2236"]
[BlackElo "1967"]
[WhiteFideId "1121472"]
[BlackFideId "24208213"]
[EventDate "2025.05.27"]

1. Nf3 Nf6 2. c4 c6 3. d4 d5 4. Qc2 Bg4 5. Nbd2 e6 6. e3 Nbd7 7. Bd3 Bd6 8. O-O
O-O 9. a3 a5 10. c5 Bc7 11. b3 e5 12. Bf5 e4 13. Bxd7 Nxd7 14. Ne1 Be2 15. h3 f5
16. Nb1 Bxf1 17. Kxf1 f4 18. exf4 Bxf4 19. Bxf4 Rxf4 20. Qd2 Qf6 21. Nc3 Rf8 22.
Nd1 Nxc5 23. Rb1 Ne6 24. Nc2 g5 25. Kg1 g4 26. hxg4 Rxg4 27. Nde3 Rg6 28. Nf1
Nf4 29. Ng3 Qh4 30. Ne3 Nd3 31. Nef5 Qg4 32. Nh6+ Rxh6 33. Qxh6 Nxf2 34. Nh5
Nh3+ 35. Kh2 Nf4 36. Qg7+ Qxg7 37. Nxg7 Kxg7 38. b4 Ne6 39. bxa5 Rf7 40. Rb6
Nxd4 41. a6 bxa6 42. Rxa6 Nb5 0-1

[Event "Titled Tue 27th May Late"]
[Site "chess.com INT"]
[Date "2025.05.27"]
[Round "8"]
[White "Shubenkova, Veronika"]
[Black "Hartge, Gedeon"]
[Result "1-0"]
[WhiteTitle "WFM"]
[BlackTitle "FM"]
[WhiteElo "2024"]
[BlackElo "2328"]
[WhiteFideId "44124040"]
[BlackFideId "12932116"]
[EventDate "2025.05.27"]

1. d4 c5 2. e3 d5 3. f4 g6 4. Nf3 Bg7 5. c3 Nh6 6. Bd3 O-O 7. Nbd2 Bf5 8. Qe2
Bxd3 9. Qxd3 Nd7 10. O-O Qc7 11. b3 Nf5 12. Ne5 Nf6 13. Ba3 b6 14. Rac1 Nd6 15.
c4 dxc4 16. bxc4 Rfd8 17. d5 Re8 18. e4 e6 19. Rfe1 Nb7 20. Bb2 Nh5 21. Qf3 Rad8
22. Nf1 Nd6 23. Ng3 Nxg3 24. hxg3 Rc8 25. Re2 b5 26. cxb5 exd5 27. exd5 Nxb5 28.
Ng4 Nd4 29. Bxd4 Bxd4+ 30. Kh1 h5 31. Nf2 Bxf2 32. Rxf2 Qd6 33. f5 Rc7 34. f6
Rd7 35. Rd1 c4 36. Qc3 Rc8 37. Qe3 Qc5 38. Qh6 Qf8 39. Qg5 c3 40. Re2 c2 41. Rc1
Qd6 42. Rcxc2 Rxc2 43. Rxc2 Rd8 44. Re2 a5 45. Re7 Qxd5 46. Qh6 Qd1+ 47. Kh2 1-0

[Event "Titled Tue 27th May Late"]
[Site "chess.com INT"]
[Date "2025.05.27"]
[Round "8"]
[White "Alizadeh, Mohammad Mahdi"]
[Black "Dominguez, Ramiro"]
[Result "1-0"]
[WhiteTitle "CM"]
[BlackTitle "FM"]
[WhiteElo "2015"]
[BlackElo "2185"]
[WhiteFideId "22598820"]
[BlackFideId "4420055"]
[EventDate "2025.05.27"]

1. Nf3 Nf6 2. c4 e6 3. g3 b6 4. Bg2 Bb7 5. O-O Be7 6. b3 O-O 7. Bb2 d5 8. e3 c5
9. Qe2 Nc6 10. Nc3 d4 11. exd4 Nxd4 12. Nxd4 Bxg2 13. Kxg2 Qxd4 14. Rab1 Qd7 15.
Rfd1 Rfd8 16. d4 cxd4 17. Nb5 d3 18. Qf3 a6 19. Nd4 e5 20. Nc6 e4 21. Nxe7+ Qxe7
22. Qf4 Re8 23. Re1 Rad8 24. Rbd1 Nh5 25. Qe3 f5 26. Qxb6 f4 27. Kh1 Qd7 28.
gxf4 Qg4 29. Qe3 Qxf4 30. Bc1 Qxe3 31. Bxe3 Nf6 32. Rg1 Kf7 33. b4 Re6 34. a4
Rb8 35. b5 axb5 36. axb5 Rc8 37. Rc1 h5 38. Rg5 Ng4 39. Rd5 Nxe3 40. fxe3 Rf6
41. c5 Ra8 42. b6 Rf2 43. b7 Raa2 44. b8=Q 1-0

[Event "Titled Tue 27th May Late"]
[Site "chess.com INT"]
[Date "2025.05.27"]
[Round "8"]
[White "Calvo Gonzalez, Jose Felix"]
[Black "Chernobay, Artem"]
[Result "0-1"]
[WhiteTitle "CM"]
[BlackTitle "GM"]
[WhiteElo "2168"]
[BlackElo "2454"]
[WhiteFideId "54505615"]
[BlackFideId "4167406"]
[EventDate "2025.05.27"]

1. e4 d6 2. d4 Nf6 3. Nc3 e5 4. Nf3 Nbd7 5. Bc4 Be7 6. O-O O-O 7. Qe2 c6 8. a4
Qc7 9. Rd1 h6 10. Be3 Re8 11. h3 Nf8 12. d5 c5 13. Nh2 Ng6 14. f3 Nh5 15. Nf1
Bg5 16. Bxg5 hxg5 17. g3 Bxh3 18. Ne3 Bd7 19. Kf2 Nf6 20. Rh1 a6 21. a5 b5 22.
axb6 Qxb6 23. b3 Qb4 24. Ncd1 g4 25. Nxg4 Nxg4+ 26. fxg4 a5 27. Ne3 Qc3 28. Nf5
Reb8 29. Nxd6 Nf8 30. Qd3 Qxd3 31. cxd3 g6 32. Rhb1 Rb6 33. Nxf7 Kxf7 34. Ke3
Bxg4 35. Rf1+ Kg7 36. Ra4 Bd7 37. Ra3 Nh7 0-1